000 00932cam a22002895i 4500
001 22952859
003 OSt
005 20250702152544.0
008 230202s2023 ii 000 0 eng
010 _a 2022339973
020 _a9788131612897
025 _aI-E-2022339973; 68-92; 70-92
035 _a22952859
037 _bLibrary of Congress -- New Delhi Overseas Office
040 _aDLC
_beng
_erda
_cDLC
042 _alcode
082 _a305.800954
_bKAR/M
245 0 0 _aMarginal communities :
_bissues and challenges /
_cEdited by Jagan Karade.
264 1 _aJaipur :
_bRawat Publications,
_c2023.
300 _a233 pages
336 _atext
_btxt
_2rdacontent
337 _aunmediated
_bn
_2rdamedia
338 _avolume
_bnc
_2rdacarrier
906 _a7
_bpar
_corigode
_d3
_encip
_f20
_gy-gencatlg
942 _2ddc
_cBK
_h305.800954
_iKAR/M
_k305.800954
_mKAR/M
999 _c44591
_d44591